Forecast of revenue receipts and expenditure for the years, 1995-2000 (submitted to Tenth Finance Commission) (Record no. 486287)

000 -LEADER
fixed length control field 00473cam a22001217a 4500
008 - FIXED-LENGTH DATA ELEMENTS--GENERAL INFORMATION
fixed length control field 180718bn.d. xxu||||| |||| 00| 0 eng d
082 ## - DEWEY DECIMAL CLASSIFICATION NUMBER
Classification number Lx5467 N131/1995-2000
245 ## - TITLE STATEMENT
Title Forecast of revenue receipts and expenditure for the years, 1995-2000 (submitted to Tenth Finance Commission)
Statement of responsibility, etc. by Finance Department, Nagaland
260 ## - PUBLICATION, DISTRIBUTION, ETC.
Place of publication, distribution, etc. Kohima
Name of publisher, distributor, etc. Finance Department
Date of publication, distribution, etc. n.d.
300 ## - PHYSICAL DESCRIPTION
Extent 309p.
650 ## - SUBJECT ADDED ENTRY--TOPICAL TERM
Topical term or geographic name entry element Finance, Public - India - Nagaland
700 ## - ADDED ENTRY--PERSONAL NAME
Personal name Nagaland. Finance Department
Holdings
Withdrawn status Lost status Damaged status Not for loan Permanent Location Current Location Date acquired Full call number Barcode Date last seen Price effective from Koha item type
        Indian Institute of Public Administration Indian Institute of Public Administration 2018-08-04 Lx5467 N131/1995-2000 GG22663 2018-08-04 2018-08-04 GG

Powered by Koha